Qui a dit ? Rap fr - Statistiques

Statistiques générales
  • Ce quiz a été pris 108 fois
  • Le résultat moyen est 4 sur 15
Statistiques - réponses
Hint Réponse % Correct
Bruit d'masse, pute câlineBackchich, cocaïne L'arme, chiffre, grand calibre En vrai guerre perd plus d'un soldat SCH
60%
J'taffe la semaine, j'reviens le week-end,J'ai enregistré un son et j'pars dans ma grotte La vie de ma mère, j'ai trop d'inspi', Ça sort de mon corps comme si j'avais lâché une crotte Gradur
49%
J'suis pas d'humeur, j'suis pas d'humeur à la fête, nonJ'sais pas trop c'que j'ai, j'ai un peu mal à la tête J'suis pas d'humeur, j'suis pas d'humeur à la fête Car trop peu me comprennent, maman Josman
46%
Ex gros porc en trois-quart qui nique les trois quarts d'la listeLes petites terreurs du Nikki beach, sont qu'sous rosé les plagistes Rien à voir avec la VAR, arrose même les cavistes Un billet pour le pianiste, un salaire pour l'guitariste Sadek
41%
Dis à la France que tout se paye, ce pays est en stagnationIci, c'est racisme et vente d'armes, des clodos à chaque station Tu l'appelles Mère Patrie, j'l'appelle Dame Nation J'te l'dis et c'est aussi vrai qu'en enfer y'a pas d'glaçons Alpha wann
40%
Tu mélanges la frappe et l'alcoolPuis ça y est tout s'effrite, tout part dans l'décor T'en as rien à battre de leurs codes Toi tu veux juste brûler l'monde avec tes potes Laylow
33%
J'me bar en Tunisie,Nique sa mère les Seychelles Ouai arhi j'représente Paris Encore mieux qu'la Tour Eiffel Brulux
27%
J'évite le soleil, rester dans l'ombre, c'est mon fardeauPetit bloc de glace fait trembler les gros paquebots Tu vois qu'le sommet du glacier, bienvenue dans mon casse-tête Et si t'as trop à perdre, un conseil : évite l'iceberg Hugo tsr
23%
Le gros a percé apprécieJe précise que c'est le début On est conscient, le constat Toi t'as sucé des boules Naza
21%
Tu pourrais crever devant moi pour montrer, oh combien tu m'aimesCe ne seras jamais plus jamais la même, nah nah Bébé, la moula, moula, moula, c'est tout c'que t'as Tu n'as pas changé, t'es toujours la même, oh ouais Hamza
20%
J'ai écrit ce texte au bord de la rupture d'anévrismeAfricain latino, lyrical tourisme En première classe, en charter, l'essentiel c'est le voyage Le son bounce, du hublot j'mate les nuages Rohff
17%
Et nos té-ci entourrent les corps à la craiesIci on a la crève parce qu'on traîne sous la grêle Cousin, bientôt tu nous diras comment c'est le deuil Comment la vie c'est court, comment c'est lourd un cercueil Sinik
10%
C'est pas un bon vent qui m’amène c'est l'cyclone KatrinaSi t'as une cane-bé débridée, assure tes cartilages On est masqués pour un casse, comme pour Mardi Gras C'est un Yamaha Raptor qui tracte l'Adria Seth gueko
9%
Depuis longtemps : jugé coupableTrès peu me connaissent mais beaucoup ne m'aiment pas Et bizarrement, pour moi depuis que tout va mieux J'ai de nouvelles ex que je ne connais même pas Frenetik
6%
Ils disent nous r'présenter, mais connaissent quoi d'nos existencesSont-ils déjà venus dans nos rues histoire de voir c'qui s'passe? À moi seul, j'te représente plus que ton député Tes sénateurs, ministres et autres fils de- Fonky Family
4%
Aucun quiz correspondant
Distribution des résultats
% des personnes avec chaque résultat
Percentile par nombre de réponses
Votre historique - résultats
Vous n’avez pas pris ce quiz